INTERESTING CLINICAL CASES IN MEDICINE (Record no. 216918)

MARC details
000 -LEADER
fixed length control field 00504nam a22001697a 4500
008 - FIXED-LENGTH DATA ELEMENTS--GENERAL INFORMATION
fixed length control field 260401b |||||||| |||| 00| 0 eng d
020 ## - INTERNATIONAL STANDARD BOOK NUMBER
International Standard Book Number 978-93-5465-779-5
100 ## - MAIN ENTRY--PERSONAL NAME
Personal name PAREEK, K.K.
245 ## - TITLE STATEMENT
Title INTERESTING CLINICAL CASES IN MEDICINE
260 ## - PUBLICATION, DISTRIBUTION, ETC.
Place of publication, distribution, etc. NEW DELHI
Name of publisher, distributor, etc. JAYPEE BROTHERS MEDICAL PUBLISHERS
Date of publication, distribution, etc. 2022
300 ## - PHYSICAL DESCRIPTION
Extent XXX, 286P.
500 ## - GENERAL NOTE
General note INCLUDES BIBLIOGRAPHICAL REFERENCES AND INDEX
650 ## - SUBJECT ADDED ENTRY
Topical term or geographic name entry element CLINICAL MEDICINE
700 ## - ADDED ENTRY--PERSONAL NAME
Personal name MATHUR, GIRISH
942 ## - ADDED ENTRY ELEMENTS (KOHA)
Source of classification or shelving scheme Library of Congress Classification
Koha item type Long Loan Book
Holdings
Withdrawn status Lost status Source of classification or shelving scheme Damaged status Not for loan Collection Home library Current library Date acquired Inventory number Total checkouts Full call number Barcode Date last seen Copy number Price effective from Koha item type Date last checked out
    Library of Congress Classification     Medicine Kisii University Library Kisii University Library 04/01/2026 112660   RC 46 .I58 2022 A000704 04/01/2026 1 04/01/2026 Long Loan Book  
    Library of Congress Classification     Medicine Kisii University Library Kisii University Library 04/01/2026 112661   RC 46 .I58 2022 A000703 04/01/2026 2 04/01/2026 Long Loan Book  
    Library of Congress Classification     Medicine Kisii University Library Kisii University Library 04/01/2026 112662   RC 46 .I58 2022 A000706 04/23/2026 3 04/01/2026 Long Loan Book  
    Library of Congress Classification     Medicine Kisii University Library Kisii University Library 04/01/2026 112663 1 RC 46 .I58 2022 A000708 04/23/2026 4 04/01/2026 Long Loan Book 04/21/2026